| 000 | 00491nam a2200181 i 4500 | ||
|---|---|---|---|
| 001 | 135531 | ||
| 003 | ES-MaACL | ||
| 005 | 20230906194911.0 | ||
| 007 | t| | ||
| 008 | 070719s1968 sp ||||1| gao d | ||
| 080 | _a869.9-23"19" | ||
| 100 | 1 |
_aTorres, Xohana. _9110921 |
|
| 245 | 1 | 0 |
_aUn hotel de primeira sobre o río / _cXohana Torres. |
| 260 |
_a[Vigo] : _bGalaxia, _c1968. |
||
| 300 |
_a90 p. ; _c18 cm. |
||
| 500 | _aPremio Castelao 1966. | ||
| 852 |
_aES-MaACL _jC-51226 _bR.68402 |
||
| 999 |
_c135531 _d135531 |
||